FUZZY SET THEORY (Record no. 214321)

MARC details
000 -LEADER
fixed length control field 00329nam a2200145Ia 4500
008 - FIXED-LENGTH DATA ELEMENTS--GENERAL INFORMATION
fixed length control field 221117s9999 xx 000 0 und d
082 ## - DEWEY DECIMAL CLASSIFICATION NUMBER
Item number SIN
100 ## - MAIN ENTRY--PERSONAL NAME
Personal name SINGH, SHIVRAJ
245 #0 - TITLE STATEMENT
Title FUZZY SET THEORY
250 ## - EDITION STATEMENT
Edition statement 2ND
260 ## - PUBLICATION, DISTRIBUTION, ETC.
Name of publisher, distributor, etc. KRISHNA PRAKASHAN, MEERUT
Date of publication, distribution, etc. 2013
300 ## - PHYSICAL DESCRIPTION
Extent 320
650 ## - SUBJECT ADDED ENTRY--TOPICAL TERM
Topical term or geographic name entry element Mathematics
942 ## - ADDED ENTRY ELEMENTS (KOHA)
Koha item type Book
Holdings
Withdrawn status Lost status Damaged status Not for loan Home library Current library Shelving location Date acquired Cost, normal purchase price Total Checkouts Barcode Date due Date last seen Date last checked out Price effective from Koha item type
        Mewar University Central Library Mewar University Central Library Donated 06/06/2022 180.00 1 DN8213 19/08/2028 29/12/2023 29/12/2023 06/06/2022 Book